LIBRARY & INFORMATION CENTRE, KCAET, TAVANUR

ONLINE PUBLIC ACCESS CATALOGUE (OPAC)

Indian economics: A comperhensive and critical survey V0l.1 (Record no. 11201)

MARC details
000 -LEADER
fixed length control field 00370cam a2200145ua 4500
041 ## - LANGUAGE CODE
Language code of text/sound track or separate title eng
082 ## - DEWEY DECIMAL CLASSIFICATION NUMBER
Classification number 330.954
Item number JAT/IN
100 ## - MAIN ENTRY--AUTHOR NAME
Personal name G.B. Jalthas, S.G. Beli .
245 ## - TITLE STATEMENT
Title Indian economics: A comperhensive and critical survey V0l.1
260 ## - PUBLICATION, DISTRIBUTION, ETC. (IMPRINT)
Place of publication :
Name of publisher oxford university press ,
Year of publication 1949.
300 ## - PHYSICAL DESCRIPTION
Number of Pages 442 ; .
942 ## - ADDED ENTRY ELEMENTS (KOHA)
Koha item type Books
Holdings
Withdrawn status Lost status Damaged status Home library Current library Date acquired Full call number Accession Number Koha item type
Withdrawn     KAUAET KAUAET 07/04/2012 330.954 2523 Books
free website counter